| 000 | 00592nam a22001697a 4500 | ||
|---|---|---|---|
| 005 | 20240119124317.0 | ||
| 008 | 240119b |||||||| |||| 00| 0 eng d | ||
| 020 | _a0409003301 ; 0409003808 | ||
| 041 | _aEnglish | ||
| 082 | _a349 JOU | ||
| 100 |
_a0409003301 ; 0409003808 _lEnglish |
||
| 245 |
_aThe Law of South Africa : Sentencing to Statute Law and Interpretation / _cJoubert, WA and Scott, TJ |
||
| 260 |
_aDurban : _bButterworth Publishers (Pty) Ltd, _c1991 |
||
| 300 |
_b367 pages ; _c26 cm. |
||
| 650 |
_aLegal practice _bLaw |
||
| 942 |
_cBK _6ALISON_BN_VRIES |
||
| 999 |
_c1261 _d1261 |
||